| 000 | 00428nam a22001217a 4500 | ||
|---|---|---|---|
| 082 | _a220 PRO | ||
| 100 |
_aMuhammad Raees Armughan Azhar Muhammad Hamza Irfan Muhammad Awais Muhammad Hamid _971501 |
||
| 245 | _aPR-SOF-1791- AUTOMATED GREENHOUSE SYSTEM | ||
| 260 |
_aISLAMABAD _bNUST COLLEGE OF EME _c2019 |
||
| 650 |
_aDE-MTS-37 DECLASS _971502 |
||
| 700 |
_aSupervisors Dr. Umar Shahbaz Khan Lec Ayesha Zeb _971503 |
||
| 942 | _cCR | ||
| 999 |
_c577985 _d577985 |
||